| 000 | 01331nam a2200349Ia 4500 | ||
|---|---|---|---|
| 001 | ebr10424391 | ||
| 003 | CaPaEBR | ||
| 006 | m u | ||
| 007 | cr cn||||||||| | ||
| 008 | 100714s2010 nyu sb 001 0 eng d | ||
| 010 | _z 2010029496 | ||
| 020 | _z9783110245578 (alk. paper) | ||
| 040 |
_aCaPaEBR _cCaPaEBR |
||
| 035 | _a(OCoLC)687690262 | ||
| 050 | 1 | 4 |
_aP99 _b.M3993 2010eb |
| 082 | 0 | 4 |
_a302.2 _222 |
| 100 | 1 |
_aMerrell, Floyd, _d1937- |
|
| 245 | 1 | 0 |
_aEntangling forms _h[electronic resource] : _bwithin semiosic processes / _cby Floyd Merrell. |
| 260 |
_aNew York : _bde Gruyter Mouton, _c2010. |
||
| 300 | _axiv, 314 p. | ||
| 490 | 1 |
_aSemiotics, communication and cognition ; _v5 |
|
| 504 | _aIncludes bibliographical references and index. | ||
| 533 |
_aElectronic reproduction. _bPalo Alto, Calif. : _cebrary, _d2011. _nAvailable via World Wide Web. _nAccess may be limited to ebrary affiliated libraries. |
||
| 650 | 0 | _aSemiotics. | |
| 650 | 0 | _aSigns and symbols. | |
| 650 | 0 |
_aLanguage and languages _xPhilosophy. |
|
| 650 | 0 | _aLogic. | |
| 655 | 7 |
_aElectronic books. _2local |
|
| 710 | 2 | _aebrary, Inc. | |
| 830 | 0 |
_aSemiotics, communication and cognition ; _v5. |
|
| 856 | 4 | 0 |
_uhttp://site.ebrary.com/lib/rucke/Doc?id=10424391 _zAn electronic book accessible through the World Wide Web; click to view |
| 999 |
_c143094 _d143094 |
||